000 00378nam a2200109Ia 4500
008 150220s9999 xx 000 0 und d
020 _a059048656X
245 _aChapter by chapter :
_bwe are always adding to our life story /
_cScholastic.
260 _aNew York :
_bScholastic Inc.,
_c1996
300 _a120 pages :
_bColored, Illustration ;
_c28 cm.
440 _aLiteracy Sourcebook.
999 _c283085
_d283085